[Event "Sharjah op rapid"]
[Site "Sharjah"]
[Date "2014.07.06"]
[Round "4"]
[White "Marcial, Augusto S"]
[Black "Ammar, Sedrani"]
[Result "1-0"]
[WhiteElo "2000"]
[BlackElo "1552"]
[PlyCount "39"]
[EventDate "2014.07.05"]
[EventType "swiss (rapid)"]
[EventRounds "9"]
[EventCountry "UAE"]
[SourceTitle "CBM 161 Extra"]
[Source "ChessBase"]
[SourceDate "2014.08.29"]
[SourceVersion "1"]
[SourceVersionDate "2014.08.29"]
[SourceQuality "1"]

1. d4 Nf6 2. e3 e6 3. Bd3 b6 4. f4 Bb7 5. Nf3 c5 6. c3 d5 7. Nbd2 Nc6 8. 0-0 Bd6 9. Ne5 cxd4 10. exd4 0-0 11. Rf3 Ne4 12. Nxe4 Nxe5 13. fxe5 dxe4 14. Rh3 Be7 15. Qh5 h6 16. Bxh6 g6 17. Rg3 Kh7 18. Qh3 Rh8 19. Rf1 Qe8 20. Bb5 1-0